000 00558nam a2200181Ia 4500
008 090124s9999 xx 000 0 und d
082 _b113674
100 _aगावडे बापूसाहेब
245 _a दसऱ्याचं सोनं
250 _a1
260 _c1971
300 _a239
600 _aगावडे बापूसाहेब
630 _a दसऱ्याचं सोनं
700 _aगावडे बापूसाहेब
730 _a दसऱ्याचं सोनं
942 _cBOOK
999 _c159765
_d159765